| Поле | Инд. | ПП | Название | Значение |
|---|---|---|---|---|
| Тип записи | a | |||
| Библиографический уровень | m | |||
| 001 | Контрольный номер | 9949de1bda4b4b40a87d08b40cd400f9 | ||
| 005 | Дата корректировки | 20181129144743.6 | ||
| 008 | Кодируемые данные | 170711|||||||||ru |||||||||||||||||rus|| | ||
| 020 | a | ISBN | 978-5-86185-911-0 (общ.) | |
| 020 | a | ISBN | 978-5-86185-912-7 (ч.1) | |
| 040 | b | Код языка каталог. | rus | |
| 041 | 0_ | a | Код языка текста | rus |
| 084 | a | Индекс другой классификации/Индекс ББК | 95+20+36 | |
| 090 | a | Полочн. индекс | 95 | |
| x | Авторский знак | М 91 | ||
| 110 | 2_ | a | Организация/ юрисдикция | Мурманский государственный технический университет |
| 245 | 10 | a | Заглавие | Современные эколого-биологические и химические исследования, техника и технология производств |
| b | Продолж. заглавия | материалы междунар. науч.-практ. конф. (Мурманск, 8 апр. 2016 г.) : [в 2 ч.]. Ч. 1 | ||
| c | Ответственность | Федер. агентство по рыболовству, ФГБОУ ВО "Мурман. гос. техн. ун-т", Естеств.-технол. ин-т ; редкол.: А. М. Ершов [и др.] | ||
| 260 | a | Место издания | Мурманск | |
| b | Издательство | Изд-во МГТУ | ||
| c | Дата издания | 2016 | ||
| 300 | a | Объем | 242 с. | |
| b | Иллюстрации/ тип воспроизводства | ил. | ||
| 500 | a | Примечание | Имеется электрон. аналог 2016 г. | |
| 504 | a | Библиография | Библиогр. в конце каждой ст. | |
| 583 | x | Служебное примечание | Арктические исследования | |
| 650 | 04 | a | Основная рубрика | Научные исследования-Материалы конференций |
| 651 | _4 | a | Географическое наименование | Северный бассейн |
| 651 | _4 | a | Географическое наименование | Арктика |
| 653 | 0_ | a | Ключевые слова | Актуальные вопросы микробиологии; Биохимия; Биомедицина; Водоросли; Водоросли-макрофиты; Здоровый образ жизни; Инфекции; Исследования химические; Исследования эколого-биологические; Конференции научно-практические; Краб-стригун; Материалы конференций; Планктонные бактерии; Труды преподавателей МГТУ |
| a | Ключевые слова | Биоресурсы | ||
| a | Ключевые слова | Аквакультура | ||
| a | Ключевые слова | Экосистемы морские | ||
| a | Ключевые слова | Экология природопользования | ||
| a | Ключевые слова | Исследования арктические | ||
| 700 | 1_ | a | Другие авторы | Алексеевская Е. А. |
| e | Роль лиц | Автор | ||
| 700 | 12 | a | Другие авторы | Богданова О. Ю. |
| e | Роль лиц | Автор | ||
| 700 | 1_ | a | Другие авторы | Барышников А. В. |
| e | Роль лиц | Автор | ||
| 700 | 1_ | a | Другие авторы | Рысакова К. С. |
| e | Роль лиц | Автор | ||
| 700 | 1_ | a | Другие авторы | Новиков В. Ю. |
| e | Роль лиц | Автор | ||
| 700 | 1_ | a | Другие авторы | Бекренева О. И. |
| e | Роль лиц | Автор | ||
| 700 | 1_ | a | Другие авторы | Быкова А. В. |
| e | Роль лиц | Автор | ||
| 700 | 1_ | a | Другие авторы | Иванова Е. Г. |
| e | Роль лиц | Автор | ||
| 700 | 1_ | a | Другие авторы | Ключко Е. В. |
| e | Роль лиц | Автор | ||
| 700 | 1_ | a | Другие авторы | Печко О. В. |
| e | Роль лиц | Автор | ||
| 700 | 1_ | a | Другие авторы | Кривенко О. Г. |
| e | Роль лиц | Автор | ||
| 700 | 12 | a | Другие авторы | Кляблина С. П. |
| e | Роль лиц | Автор | ||
| 700 | 12 | a | Другие авторы | Михнюк О. В. |
| e | Роль лиц | Автор | ||
| 700 | 1_ | a | Другие авторы | Крамаренко Е. В. |
| e | Роль лиц | Автор | ||
| 700 | 1_ | a | Другие авторы | Макаревич Е. В. |
| e | Роль лиц | Автор | ||
| 700 | 1_ | a | Другие авторы | Мирошниченко Е. С. |
| e | Роль лиц | Автор | ||
| 700 | 1_ | a | Другие авторы | Мишанина Л. А. |
| e | Роль лиц | Автор | ||
| 700 | 12 | a | Другие авторы | Ускова И. В. |
| e | Роль лиц | Автор | ||
| 700 | 12 | a | Другие авторы | Якименко В. А. |
| e | Роль лиц | Автор | ||
| 700 | 12 | a | Другие авторы | Узбекова О. Р. |
| e | Роль лиц | Автор | ||
| 700 | 12 | a | Другие авторы | Овчинникова С. И. |
| e | Роль лиц | Автор | ||
| 700 | 12 | a | Другие авторы | Перетрухина А. Т. |
| e | Роль лиц | Автор | ||
| 700 | 12 | a | Другие авторы | Шкуратова Е. Б. |
| e | Роль лиц | Автор | ||
| 700 | 12 | a | Другие авторы | Шокина Ю. В. |
| e | Роль лиц | Автор | ||
| 700 | 12 | a | Другие авторы | Мухин В. А. |
| e | Роль лиц | Автор | ||
| 700 | 12 | a | Другие авторы | Шевелева А. А. |
| e | Роль лиц | Автор | ||
| 700 | 12 | a | Другие авторы | Соколова С. В. |
| e | Роль лиц | Автор | ||
| 700 | 12 | a | Другие авторы | Олейник Т. И. |
| e | Роль лиц | Автор | ||
| 700 | 12 | a | Другие авторы | Анохина В. С. |
| e | Роль лиц | Автор | ||
| 700 | 12 | a | Другие авторы | Кравец П. П. |
| e | Роль лиц | Автор | ||
| 700 | 12 | a | Другие авторы | Малавенда С. С. |
| e | Роль лиц | Автор | ||
| 700 | 12 | a | Другие авторы | Тюкина О. С. |
| e | Роль лиц | Автор | ||
| 700 | 12 | a | Другие авторы | Неженец С. С. |
| e | Роль лиц | Автор | ||
| 700 | 12 | a | Другие авторы | Сытюгина К. С. |
| e | Роль лиц | Автор | ||
| 700 | 12 | a | Другие авторы | Шошина Е. В. |
| e | Роль лиц | Автор | ||
| 700 | 1_ | a | Другие авторы | Ершов А. М. |
| e | Роль лиц | Автор | ||
| 700 | 12 | a | Другие авторы | Дубровин С. Ю. |
| e | Роль лиц | Автор | ||
| 700 | 12 | a | Другие авторы | Ершов М. А. |
| e | Роль лиц | Автор | ||
| 700 | 12 | a | Другие авторы | Меренков А. В. |
| e | Роль лиц | Автор | ||
| 700 | 12 | a | Другие авторы | Семенихина М. Е. |
| e | Роль лиц | Автор | ||
| 700 | 12 | a | Другие авторы | Колосова Е. А. |
| e | Роль лиц | Автор | ||
| 700 | 12 | a | Другие авторы | Клиндух М. П. |
| e | Роль лиц | Автор | ||
| 700 | 12 | a | Другие авторы | Ливадина Л. В. |
| e | Роль лиц | Автор | ||
| 700 | 12 | a | Другие авторы | Малавенда С. В. |
| e | Роль лиц | Автор | ||
| 700 | 12 | a | Другие авторы | Мишопита С. В. |
| e | Роль лиц | Автор | ||
| 700 | 12 | a | Другие авторы | Муравейко А. В. |
| e | Роль лиц | Автор | ||
| 700 | 12 | a | Другие авторы | Емелина А. В. |
| e | Роль лиц | Автор | ||
| 700 | 12 | a | Другие авторы | Носов М. А. |
| e | Роль лиц | Автор | ||
| 700 | 12 | a | Другие авторы | Фролов С. Б. |
| e | Роль лиц | Автор | ||
| 700 | 12 | a | Другие авторы | Пахомов М. В. |
| e | Роль лиц | Автор | ||
| 700 | 12 | a | Другие авторы | Приймак Е. В. |
| e | Роль лиц | Автор | ||
| 700 | 12 | a | Другие авторы | Третьяков И. С. |
| e | Роль лиц | Автор | ||
| 700 | 12 | a | Другие авторы | Баданин Ю. А. |
| e | Роль лиц | Автор | ||
| 700 | 12 | a | Другие авторы | Дерябин А. А. |
| e | Роль лиц | Автор | ||
| 700 | 12 | a | Другие авторы | Гудимов А. В. |
| e | Роль лиц | Автор | ||
| 700 | 12 | a | Другие авторы | Жомова А. И. |
| e | Роль лиц | Автор | ||
| 700 | 12 | a | Другие авторы | Журавлева Н. Г. |
| e | Роль лиц | Автор | ||
| 700 | 12 | a | Другие авторы | Зайцев А. А. |
| e | Роль лиц | Автор | ||
| 700 | 12 | a | Другие авторы | Литвинов Ю. В. |
| e | Роль лиц | Автор | ||
| 700 | 12 | a | Другие авторы | Кабанова Н. А. |
| e | Роль лиц | Автор | ||
| 700 | 12 | a | Другие авторы | Ларионова В. В. |
| e | Роль лиц | Автор | ||
| 700 | 12 | a | Другие авторы | Дженюк С. Л. |
| e | Роль лиц | Автор | ||
| 700 | 12 | a | Другие авторы | Минченок Е. Е. |
| e | Роль лиц | Автор | ||
| 700 | 12 | a | Другие авторы | Гусева В. Д. |
| e | Роль лиц | Автор | ||
| 700 | 12 | a | Другие авторы | Моисеев Д. В. |
| e | Роль лиц | Автор | ||
| 700 | 12 | a | Другие авторы | Павлова М. А. |
| e | Роль лиц | Автор | ||
| 700 | 12 | a | Другие авторы | Макаревич П. Р. |
| e | Роль лиц | Автор | ||
| 700 | 12 | a | Другие авторы | Троценко А. А. |
| e | Роль лиц | Автор | ||
| 700 | 12 | a | Другие авторы | Яковлев А. П. |
| e | Роль лиц | Автор | ||
| 901 | t | Тип документа | m |